Fr. Conceicao Rodrigues College of Engineering

Logical reasoning for CAT (Record no. 36321)

MARC details
000 -LEADER
fixed length control field 00328nam a22001337a 4500
003 - CONTROL NUMBER IDENTIFIER
control field OSt
005 - DATE AND TIME OF LATEST TRANSACTION
control field 20260316103640.0
008 - FIXED-LENGTH DATA ELEMENTS--GENERAL INFORMATION
fixed length control field 260316b |||||||| |||| 00| 0 eng d
040 ## - CATALOGING SOURCE
Transcribing agency
082 ## - DEWEY DECIMAL CLASSIFICATION NUMBER
Classification number 153.43
Item number SHA
245 ## - TITLE STATEMENT
Title Logical reasoning for CAT
Statement of responsibility, etc. Arun sharma
260 ## - PUBLICATION, DISTRIBUTION, ETC.
Name of publisher, distributor, etc. mcgraw Hill
Date of publication, distribution, etc. 2026
942 ## - ADDED ENTRY ELEMENTS (KOHA)
Source of classification or shelving scheme Dewey Decimal Classification
Koha item type BOOK
Call number prefix 153.43
Call number suffix SHA
Suppress in OPAC No
Holdings
Withdrawn status Lost status Source of classification or shelving scheme Damaged status Not for loan Collection Home library Current library Date acquired Cost, normal purchase price Inventory number Total Checkouts Full call number Barcode Date last seen Price effective from Koha item type
    Dewey Decimal Classification     General Fr. Agnel's C.Rodrigues College of Engineering Fr. Agnel's C.Rodrigues College of Engineering 16/03/2026 885.00 AO/26/02/1208 dt 21.02.2026   153.43/SHA 27104 16/03/2026 16/03/2026 BOOK
    Dewey Decimal Classification     General Fr. Agnel's C.Rodrigues College of Engineering Fr. Agnel's C.Rodrigues College of Engineering 16/03/2026 885.00 AO/26/02/1208 dt 21.02.2026   153.43/SHA 27105 16/03/2026 16/03/2026 BOOK
    Dewey Decimal Classification     General Fr. Agnel's C.Rodrigues College of Engineering Fr. Agnel's C.Rodrigues College of Engineering 16/03/2026 885.00 AO/26/02/1208 dt 21.02.2026   153.43/SHA 27106 16/03/2026 16/03/2026 BOOK
    Dewey Decimal Classification     General Fr. Agnel's C.Rodrigues College of Engineering Fr. Agnel's C.Rodrigues College of Engineering 16/03/2026 885.00 AO/26/02/1208 dt 21.02.2026   153.43/SHA 27107 16/03/2026 16/03/2026 BOOK
    Dewey Decimal Classification     General Fr. Agnel's C.Rodrigues College of Engineering Fr. Agnel's C.Rodrigues College of Engineering 16/03/2026 885.00 AO/26/02/1208 dt 21.02.2026   153.43/SHA 27108 16/03/2026 16/03/2026 BOOK